[Event "Xtracon Chess Open 2016"]
[Site "Elsinore"]
[Date "2016.07.29"]
[Round "8.75"]
[White "Marthedal, Anton Mehmet Yildiz"]
[Black "Nielsen, Jan Mose"]
[Result "0-1"]
[WhiteElo "1891"]
[BlackElo "2110"]
[PlyCount "84"]
[EventDate "2016.07.23"]

1. d4 Nf6 2. Nf3 e6 3. Nc3 d5 4. Bg5 h6 5. Bxf6 Qxf6 6. e4 Bb4 7. Bd3 c6 8. O-O
Bxc3 9. e5 Qe7 10. bxc3 Nd7 11. a4 c5 12. a5 c4 13. Be2 Nb8 14. Qb1 Nc6 15. Kh1
O-O 16. Ng1 Qc7 17. Qa2 Bd7 18. Bg4 g6 19. Qa3 Kg7 20. Ra2 b5 21. Rb1 a6 22.
Qc1 Qd8 23. Qe3 Qg5 24. Qxg5 hxg5 25. Nf3 Kh6 26. Re1 Rab8 27. Rb1 Rb7 28. h3
Rfb8 29. Rab2 b4 30. Kg1 Rb5 31. cxb4 Rxb4 32. Rxb4 Rxb4 33. Nd2 Rxb1+ 34. Nxb1
Nxd4 35. Kf1 Nxc2 36. Ke2 Nd4+ 37. Kd2 Nc6 38. Kc3 Nxa5 39. Kb4 Nc6+ 40. Kc5
Nxe5 41. Bd1 Bb5 42. Nc3 Nd3+ 0-1

[Event "Xtracon Chess Open 2016"]
[Site "Elsinore"]
[Date "2016.07.29"]
[Round "8.76"]
[White "Chittka, Julius"]
[Black "Bluebaum, Johanna"]
[Result "1-0"]
[WhiteElo "2109"]
[BlackElo "1939"]
[PlyCount "73"]
[EventDate "2016.07.23"]

1. d4 Nf6 2. c4 c6 3. Nc3 d5 4. Nf3 dxc4 5. a4 Bf5 6. Ne5 e6 7. f3 Nbd7 8. e4
Bg6 9. Nxg6 hxg6 10. Bxc4 Qc7 11. e5 Nd5 12. O-O N7b6 13. Bd3 a5 14. Bg5 Nb4
15. Be4 Rh5 16. f4 Qd7 17. g4 Rxg5 18. fxg5 Nc4 19. Rf3 O-O-O 20. b3 Nb2 21.
Qd2 Qxd4+ 22. Qxd4 Rxd4 23. Rxf7 Bc5 24. Kh1 N4d3 25. Raf1 Nxe5 26. Rxg7 Nxg4
27. Rff7 Rd2 28. Rg8+ Rd8 29. Rxd8+ Kxd8 30. Bxg6 Ne5 31. Rg7 Nxg6 32. Rxg6 Kd7
33. Rg7+ Be7 34. Ne4 b5 35. g6 bxa4 36. bxa4 Nxa4 37. Nf6+ 1-0

[Event "Xtracon Chess Open 2016"]
[Site "Elsinore"]
[Date "2016.07.29"]
[Round "8.77"]
[White "Sorensen, Bernhard W"]
[Black "Rasmussen, Henrik"]
[Result "1/2-1/2"]
[WhiteElo "1655"]
[BlackElo "1833"]
[PlyCount "58"]
[EventDate "2016.07.23"]

1. d4 c5 2. Nf3 d5 3. Bf4 cxd4 4. Nxd4 Nc6 5. e3 a6 6. c3 Nf6 7. h3 e6 8. Bd3
Bd6 9. Bxd6 Qxd6 10. Nd2 Ne5 11. Bc2 O-O 12. O-O Nc4 13. Nxc4 dxc4 14. Qf3 Qc7
15. Rad1 Rd8 16. Rd2 Bd7 17. Rfd1 Rac8 18. Qe2 b5 19. a3 g6 20. e4 e5 21. Nf3
Re8 22. Qe3 Kg7 23. Ng5 h6 24. Nf3 Re7 25. g4 Bc6 26. g5 hxg5 27. Nxg5 Rd7 28.
Qc5 Rxd2 29. Rxd2 Bb7 1/2-1/2

[Event "Xtracon Chess Open 2016"]
[Site "Elsinore"]
[Date "2016.07.29"]
[Round "8.78"]
[White "Jacobsen, Per"]
[Black "Kvaloy, Ola"]
[Result "0-1"]
[WhiteElo "1636"]
[BlackElo "1408"]
[PlyCount "100"]
[EventDate "2016.07.23"]

1. f4 f5 2. Nf3 Nf6 3. d4 e6 4. e3 c5 5. c3 cxd4 6. exd4 Be7 7. Bd3 O-O 8. O-O
Nc6 9. Ne5 d6 10. Nxc6 bxc6 11. Nd2 Qc7 12. Nf3 Rb8 13. Qe2 h6 14. Re1 Re8 15.
Rb1 Bd8 16. Bc4 c5 17. Be3 Ne4 18. Bd3 Bb7 19. dxc5 Nxc5 20. Bxc5 Qxc5+ 21. Kh1
Bf6 22. Bc2 Bd5 23. a3 Qc8 24. Nd2 e5 25. Qh5 e4 26. Nf1 Bf7 27. Qd1 d5 28. Ne3
Rd8 29. Bb3 Rxb3 30. Qxb3 d4 31. Qc2 dxe3 32. Rxe3 Qc5 33. Qf2 Rd3 34. Rbe1 Bd8
35. Qg3 Bh4 36. b4 Rxe3 37. Qxh4 Rxe1+ 38. Qxe1 Qe7 39. Qe3 Qd7 40. g3 Qa4 41.
Qc1 Bc4 42. Kg1 Qe8 43. Qe3 Qb8 44. Kf2 Qb6 45. Qxb6 axb6 46. Ke3 b5 47. g4 g6
48. Kd4 Be6 49. gxf5 gxf5 50. h4 h5 0-1

[Event "Xtracon Chess Open 2016"]
[Site "Elsinore"]
[Date "2016.07.29"]
[Round "8.79"]
[White "Thybo, Thomas Sondergaard"]
[Black "Kunz, Andre"]
[Result "0-1"]
[WhiteElo "1886"]
[BlackElo "2105"]
[PlyCount "148"]
[EventDate "2016.07.23"]

1. e4 c6 2. d4 d5 3. e5 c5 4. dxc5 e6 5. Be3 Nh6 6. Bxh6 gxh6 7. Nf3 Nc6 8. Bb5
Bxc5 9. O-O Bd7 10. a4 Qc7 11. Qe2 Nd4 12. Nxd4 Bxd4 13. Bxd7+ Kxd7 14. Re1 a6
15. c3 Ba7 16. Nd2 Rag8 17. c4 d4 18. b4 a5 19. Ne4 Rg6 20. c5 axb4 21. Rad1
Ke7 22. Rxd4 Bxc5 23. Qc2 Rc8 24. Nd6 Bxd6 25. exd6+ Qxd6 26. Qxc8 Qxd4 27.
Qxb7+ Kf6 28. a5 Rg5 29. a6 Qd5 30. Qxd5 Rxd5 31. g3 Ra5 32. Rb1 Rxa6 33. Rxb4
Ra5 34. Kg2 h5 35. Rf4+ Kg6 36. Re4 Rg5 37. Kf3 Kf6 38. Ra4 Rb5 39. Rc4 Rb3+
40. Ke2 Ra3 41. Rb4 Kg5 42. Rb7 Kg6 43. Rb4 f6 44. Rc4 Kf5 45. Rc5+ e5 46. Rc7
h6 47. Rh7 Kg6 48. Rb7 h4 49. Rb4 hxg3 50. hxg3 Kg5 51. Rc4 h5 52. Rb4 f5 53.
Rb8 Ra6 54. Rg8+ Rg6 55. f4+ exf4 56. gxf4+ Kf6 57. Rh8 Rg4 58. Rh6+ Kg7 59.
Rxh5 Rxf4 60. Rh3 Kg6 61. Ra3 Kg5 62. Rb3 Rh4 63. Kf2 Kg4 64. Rg3+ Kf4 65. Ra3
Rh2+ 66. Kg1 Re2 67. Kf1 Re3 68. Ra4+ Kf3 69. Rh4 Kg3 70. Rh5 f4 71. Rg5+ Kf3
72. Rh5 Kg4 73. Rh2 Rf3+ 74. Rf2 Kg3 0-1

[Event "Xtracon Chess Open 2016"]
[Site "Elsinore"]
[Date "2016.07.29"]
[Round "8.81"]
[White "Rishovd, Svein"]
[Black "Steenstrup, Svend"]
[Result "1-0"]
[WhiteElo "2099"]
[BlackElo "1951"]
[PlyCount "87"]
[EventDate "2016.07.23"]

1. d4 d5 2. Nf3 Nf6 3. c4 dxc4 4. e3 e6 5. Bxc4 a6 6. a4 c5 7. O-O Nc6 8. Nc3
Na5 9. Ba2 Qb6 10. Rb1 c4 11. Ne5 Bb4 12. Bd2 Qc7 13. Qc2 Bd6 14. f4 Nd5 15.
Ne4 Nb4 16. Nxd6+ Qxd6 17. Nxc4 Nxc4 18. Bxb4 Qxb4 19. Qxc4 Qxc4 20. Bxc4 Bd7
21. a5 Bc6 22. Rbc1 Be4 23. Be2 Kd7 24. Kf2 Rab8 25. Rc3 g5 26. Bf3 Bxf3 27.
Kxf3 gxf4 28. Kxf4 Rhg8 29. g4 f6 30. Rfc1 Kd6 31. e4 h5 32. e5+ Kd5 33. Rc5+
Kxd4 34. R1c4+ Kd3 35. Rc3+ Kd4 36. exf6 e5+ 37. Kf5 Rxg4 38. R3c4+ Kd3 39.
Rxg4 hxg4 40. Rxe5 Rh8 41. Kxg4 Rxh2 42. f7 Rg2+ 43. Kf3 Rg1 44. Kf2 1-0

[Event "Xtracon Chess Open 2016"]
[Site "Elsinore"]
[Date "2016.07.29"]
[Round "8.82"]
[White "Gula, Julian"]
[Black "Machlik, Endre"]
[Result "0-1"]
[WhiteElo "1801"]
[BlackElo "2091"]
[PlyCount "52"]
[EventDate "2016.07.23"]

1. Nf3 Nf6 2. d4 e6 3. Nc3 d5 4. Bg5 c5 5. e4 cxd4 6. Nxd4 dxe4 7. Bb5+ Bd7 8.
Qe2 Bb4 9. O-O Bxc3 10. bxc3 O-O 11. Bxf6 Qxf6 12. Qxe4 Bxb5 13. Nxb5 Nc6 14.
Rab1 Rfd8 15. Nc7 Rab8 16. Na6 Rbc8 17. Rxb7 Qxc3 18. Qf4 Rf8 19. Qa4 Nd4 20.
Nb4 Rc4 21. a3 Nf3+ 22. Kh1 Rh4 23. h3 Qe5 24. g3 Rxh3+ 25. Kg2 Qh5 26. Rb1
Rh2+ 0-1

[Event "Xtracon Chess Open 2016"]
[Site "Elsinore"]
[Date "2016.07.29"]
[Round "8.83"]
[White "Machlik, Edit"]
[Black "Ramkilde, Mikael"]
[Result "1-0"]
[WhiteElo "2090"]
[BlackElo "1907"]
[PlyCount "57"]
[EventDate "2016.07.23"]

1. d4 d5 2. c4 e6 3. Nc3 c5 4. dxc5 d4 5. Na4 Na6 6. Nf3 Nxc5 7. Nxc5 Bxc5 8.
a3 a5 9. b3 Ne7 10. g3 O-O 11. Bg2 Nc6 12. O-O e5 13. Ng5 h6 14. Ne4 Qe7 15. b4
Ba7 16. b5 Nd8 17. a4 Ne6 18. Ba3 Bc5 19. Nxc5 Nxc5 20. e3 Rd8 21. exd4 Rxd4
22. Qe2 f6 23. Bd5+ Kh8 24. Rfd1 Rxd1+ 25. Rxd1 Qc7 26. Qh5 Bd7 27. Qf7 Rd8 28.
Bxc5 Qxc5 29. Be6 1-0

[Event "Xtracon Chess Open 2016"]
[Site "Elsinore"]
[Date "2016.07.29"]
[Round "8.84"]
[White "Satre, Roger"]
[Black "Jensen, Thore Nyboe"]
[Result "0-1"]
[WhiteElo "1797"]
[BlackElo "2081"]
[PlyCount "62"]
[EventDate "2016.07.23"]

1. e4 e6 2. d4 d5 3. Nc3 Bb4 4. e5 Ne7 5. Qg4 O-O 6. Bg5 Kh8 7. Bd3 Qe8 8. Nf3
f6 9. exf6 gxf6 10. Qh4 f5 11. Bh6 Ng6 12. Qh5 Rg8 13. Ng5 Qd7 14. O-O c5 15.
Ne2 c4 16. Nf4 cxd3 17. Nfxe6 Nc6 18. c3 Bd6 19. f4 Nd8 20. Rae1 Nxe6 21. Rxe6
Qxe6 22. Nxe6 Bxe6 23. g4 Rae8 24. Kh1 Nxf4 25. Bxf4 Bxf4 26. Rxf4 d2 27. Rf1
Bd7 28. gxf5 Re1 29. Qf3 Bb5 30. c4 Bxc4 31. Qf4 Rxf1+ 0-1

[Event "Xtracon Chess Open 2016"]
[Site "Elsinore"]
[Date "2016.07.29"]
[Round "8.86"]
[White "Andberg, Tor Arne Heim"]
[Black "Svane, Frederik"]
[Result "1/2-1/2"]
[WhiteElo "1727"]
[BlackElo "2044"]
[PlyCount "138"]
[EventDate "2016.07.23"]

1. e4 c5 2. Nf3 e6 3. b3 a6 4. Bb2 d6 5. e5 d5 6. c3 Bd7 7. d4 b6 8. Be2 Qc7 9.
O-O Ne7 10. Re1 Nbc6 11. Nbd2 cxd4 12. cxd4 Ng6 13. Rc1 Qb7 14. Bf1 Be7 15. g3
Rc8 16. Bg2 h5 17. h4 Nb4 18. Rxc8+ Qxc8 19. Qb1 a5 20. Rc1 Qb7 21. Bf1 Bd8 22.
Ne1 Ne7 23. Ndf3 g6 24. Ng5 Nf5 25. Ngf3 Rg8 26. a3 Nc6 27. Qd3 Na7 28. Qd2 Kf8
29. Nc2 Kg7 30. Ne3 Nxe3 31. Qxe3 Be7 32. Rc2 Rc8 33. Qc1 Nc6 34. Qd2 Qc7 35.
Bc1 Qd8 36. Qh6+ Kg8 37. Ng5 Bxg5 38. Bxg5 Qf8 39. Qxf8+ Rxf8 40. Be3 Rc8 41.
Ba6 Rb8 42. Be2 Kg7 43. f3 Rc8 44. Ba6 Rd8 45. Be2 Rc8 46. Ba6 Rb8 47. Be2 Re8
48. Kf2 Rc8 49. Ba6 Ra8 50. Bb7 Ra7 51. Bxc6 Rc7 52. Bxd7 Rxc2+ 53. Ke1 Rc3 54.
Ke2 Rxb3 55. a4 Rb2+ 56. Bd2 Ra2 57. Ke3 Ra3+ 58. Kf4 Rd3 59. Be3 Rc3 60. Bb5
Rc2 61. g4 Rg2 62. gxh5 gxh5 63. Bc1 Rc2 64. Ba3 Rc8 65. Be7 Kg6 66. Bd6 Kh6
67. Bd7 Rd8 68. Bc6 Rc8 69. Bb5 Kg6 1/2-1/2

[Event "Xtracon Chess Open 2016"]
[Site "Elsinore"]
[Date "2016.07.29"]
[Round "8.87"]
[White "Thaler, Toni"]
[Black "Robertsen, Bjorn"]
[Result "1-0"]
[WhiteElo "2037"]
[BlackElo "1815"]
[PlyCount "39"]
[EventDate "2016.07.23"]

1. d4 d5 2. Nf3 Nf6 3. Bf4 c5 4. c3 Qb6 5. Qb3 c4 6. Qxb6 axb6 7. Na3 Bd7 8.
Nc2 Bf5 9. Ne3 Be4 10. Nd2 Bg6 11. g4 h6 12. Bg2 e6 13. O-O Kd7 14. Nexc4 dxc4
15. Nxc4 Nd5 16. Bxd5 exd5 17. Nxb6+ Kc6 18. Nxa8 Na6 19. b4 b5 20. a4 1-0

[Event "Xtracon Chess Open 2016"]
[Site "Elsinore"]
[Date "2016.07.29"]
[Round "8.88"]
[White "Mansoor, Afras"]
[Black "Meurman, Arne"]
[Result "0-1"]
[WhiteElo "1719"]
[BlackElo "2035"]
[PlyCount "93"]
[EventDate "2016.07.23"]

1. d4 Nf6 2. Bg5 g6 3. Bxf6 exf6 4. e3 f5 5. g3 Bg7 6. Bg2 d6 7. Ne2 Nd7 8. c4
c6 9. O-O O-O 10. Nd2 Re8 11. Qc2 Nf6 12. b4 Qe7 13. a4 Ne4 14. Nf4 Bd7 15. b5
Rac8 16. Qd3 g5 17. Ne2 cxb5 18. axb5 a5 19. Rxa5 Nxd2 20. Qxd2 Rxc4 21. Ra7
Rb8 22. Bd5 Bxb5 23. Bxc4 Bxc4 24. Rfa1 Qe8 25. Nc3 b5 26. Nd1 Qe4 27. Nc3 Qf3
28. Qd1 Qc6 29. R7a6 Qe8 30. Qb1 b4 31. R6a5 bxc3 32. Qc2 d5 33. Qxc3 Qc8 34.
Qc2 Bf8 35. Qc1 h6 36. Qd1 Kg7 37. Qh5 Qd7 38. Ra7 Rb7 39. Rxb7 Qxb7 40. Qd1
Be7 41. Qb1 Qd7 42. Qb6 f4 43. exf4 gxf4 44. f3 Bf6 45. Kg2 Qf5 46. Qc5 Qd3 47.
Qa3 0-1

[Event "Xtracon Chess Open 2016"]
[Site "Elsinore"]
[Date "2016.07.29"]
[Round "8.89"]
[White "Jacobsen, Elise Sjottem"]
[Black "Jacobsen, Fredrik Beer"]
[Result "1-0"]
[WhiteElo "1611"]
[BlackElo "2028"]
[PlyCount "61"]
[EventDate "2016.07.23"]

1. e4 e5 2. Nf3 Nf6 3. Nc3 Nc6 4. d4 exd4 5. Nxd4 Bb4 6. f3 d6 7. Bg5 Qe7 8.
Qd2 h6 9. Be3 Bd7 10. a3 Ba5 11. Bc4 Ne5 12. Ba2 c6 13. O-O-O b5 14. Bf4 O-O
15. Nf5 Bxf5 16. exf5 Rad8 17. Rhe1 Qc7 18. Re3 Kh7 19. g4 Bb6 20. Re2 Nxf3 21.
Qd3 Ne5 22. Bxe5 dxe5 23. Qg3 Bd4 24. Ne4 Nxe4 25. Rxe4 Bxb2+ 26. Kxb2 Rxd1 27.
g5 Qd6 28. Rg4 Rd4 29. g6+ fxg6 30. Rxg6 Qe7 31. Rxh6+ 1-0

[Event "Xtracon Chess Open 2016"]
[Site "Elsinore"]
[Date "2016.07.29"]
[Round "8.90"]
[White "Bosselmann, Tom Linus"]
[Black "Dahl, Trygve"]
[Result "0-1"]
[WhiteElo "1928"]
[BlackElo "2233"]
[PlyCount "88"]
[EventDate "2016.07.23"]

1. e4 c5 2. Nf3 e6 3. d4 cxd4 4. Nxd4 a6 5. Nc3 Qc7 6. g3 b5 7. Bg2 Bb7 8. O-O
Nf6 9. Re1 d6 10. a3 Be7 11. h3 Nbd7 12. f4 O-O 13. g4 Nb6 14. g5 Nfd7 15. h4
Rfe8 16. h5 Bf8 17. Bh3 e5 18. Nf3 exf4 19. g6 Qc5+ 20. Nd4 Ne5 21. gxf7+ Kxf7
22. Bxf4 Qxd4+ 23. Qxd4 Nf3+ 24. Kh1 Nxd4 25. Rf1 Kg8 26. Be3 Bxe4+ 27. Nxe4
Rxe4 28. Bxd4 Rxd4 29. Be6+ Kh8 30. Rf7 Nd5 31. Raf1 Nf6 32. Kg2 Rh4 33. Bd5
Rc8 34. Be6 Rd8 35. Kf3 Rxh5 36. Kg3 Rg5+ 37. Kf4 Re5 38. Bb3 Re7 39. Rxe7 Bxe7
40. Re1 Bf8 41. Be6 g6 42. Kg5 Kg7 43. Rf1 Re8 44. Bb3 Re4 0-1

[Event "Xtracon Chess Open 2016"]
[Site "Elsinore"]
[Date "2016.07.29"]
[Round "8.91"]
[White "Muhsen, Abdulla.mohmmed"]
[Black "Edvardsen, Ragnar"]
[Result "1/2-1/2"]
[WhiteElo "2227"]
[BlackElo "1924"]
[PlyCount "164"]
[EventDate "2016.07.23"]

1. d4 Nf6 2. c4 g6 3. Nc3 d5 4. g3 Bg7 5. Bg2 c6 6. b3 O-O 7. e3 Be6 8. cxd5
Nxd5 9. Nge2 Na6 10. Bb2 Nac7 11. O-O Nxc3 12. Nxc3 Nd5 13. Ne4 h6 14. Nc5 Bc8
15. Re1 a5 16. Rc1 b6 17. Nd3 Bb7 18. a3 Rc8 19. Qd2 e6 20. Red1 Qe7 21. e4 Nf6
22. Qe1 Rfd8 23. Rc2 Nd7 24. e5 Nb8 25. f4 Na6 26. b4 axb4 27. Nxb4 c5 28. Nxa6
Bxa6 29. dxc5 Rxd1 30. Qxd1 Rxc5 31. Rd2 Rc7 32. Rd8+ Bf8 33. Qd6 Kg7 34. Be4
Bb5 35. Kg2 Rd7 36. Rxd7 Qxd7 37. Qxb6 Qd2+ 38. Qf2 Qa5 39. Qe3 Bc5 40. Qc3
Qxc3 41. Bxc3 Bxa3 42. g4 Be2 43. Kg3 Bc5 44. h3 Kf8 45. Bc6 Bd1 46. Bb5 Kg8
47. Bc4 Kf8 48. Bd3 Kg8 49. f5 gxf5 50. gxf5 exf5 51. Kf4 Bh5 52. Bxf5 Bd1 53.
Bd3 Bb3 54. Kg4 Bd5 55. Kg3 Be7 56. Bd4 Bb4 57. Kf4 Bb3 58. Bb6 Ba4 59. Bf5 Bb3
60. Bd8 Bd2+ 61. Kg3 Be1+ 62. Kf3 Bd5+ 63. Ke3 Bb4 64. Kd4 Bb3 65. Bf6 Kf8 66.
Bh7 Be6 67. h4 Ba3 68. Be4 Bb4 69. Bd5 Ke8 70. Bf3 Kf8 71. Bc6 Ba3 72. Bd5 Ke8
73. Bg7 Be7 74. Bc6+ Kd8 75. Bf6 Kc7 76. Bd5 Bxf6 77. Bxe6 Bxh4 78. Bxf7 Kd7
79. Ke4 Ke7 80. Bc4 Be1 81. Kf5 Bd2 82. Be2 Bc1 1/2-1/2

[Event "Xtracon Chess Open 2016"]
[Site "Elsinore"]
[Date "2016.07.29"]
[Round "8.92"]
[White "Meyer, Juergen"]
[Black "Petersen, Peter Birk"]
[Result "1/2-1/2"]
[WhiteElo "1925"]
[BlackElo "2197"]
[PlyCount "51"]
[EventDate "2016.07.23"]

1. e4 d6 2. d4 Nf6 3. Nc3 g6 4. f4 Bg7 5. Nf3 O-O 6. e5 dxe5 7. dxe5 Qxd1+ 8.
Kxd1 Nh5 9. Be3 Nc6 10. Bd3 f6 11. exf6 Bxf6 12. Nb5 Bxb2 13. Rb1 Bg7 14. Nxc7
Rb8 15. g3 Bg4 16. Bc4+ Kh8 17. Be2 e5 18. Nxe5 Nxe5 19. fxe5 Bxe2+ 20. Kxe2
Bxe5 21. Nd5 b6 22. Rhd1 Rbe8 23. Kd3 Kg7 24. c4 Nf6 25. Nxf6 Bxf6 26. Rb5
1/2-1/2

[Event "Xtracon Chess Open 2016"]
[Site "Elsinore"]
[Date "2016.07.29"]
[Round "8.93"]
[White "Eriksson, Christian Altenburg"]
[Black "Klitgaard, Ebbe"]
[Result "1-0"]
[WhiteElo "2176"]
[BlackElo "1914"]
[PlyCount "71"]
[EventDate "2016.07.23"]

1. e4 d5 2. exd5 Qxd5 3. d4 Nf6 4. Nf3 Bf5 5. Be2 e6 6. O-O Be7 7. c4 Qd8 8.
Nc3 c6 9. Re1 h6 10. Qb3 b6 11. d5 exd5 12. cxd5 O-O 13. Nd4 Bd7 14. Bf3 Bg4
15. Bxg4 Nxg4 16. Nxc6 Nxc6 17. dxc6 Bc5 18. Ne4 Qc7 19. Qg3 Qxg3 20. hxg3 Rfc8
21. Nxc5 bxc5 22. Re4 Nf6 23. Rc4 Rxc6 24. Be3 Nd5 25. Rxc5 Rxc5 26. Bxc5 Rc8
27. Bxa7 Rc2 28. Rb1 Nb4 29. a3 Nd3 30. Bd4 f5 31. b4 Ra2 32. Ra1 Rc2 33. b5
Nc1 34. Be3 Na2 35. b6 Nc3 36. Kf1 1-0

[Event "Xtracon Chess Open 2016"]
[Site "Elsinore"]
[Date "2016.07.29"]
[Round "8.94"]
[White "Goldie, Thomas"]
[Black "French, Max"]
[Result "0-1"]
[WhiteElo "2171"]
[BlackElo "1908"]
[PlyCount "100"]
[EventDate "2016.07.23"]

1. d4 Nf6 2. Nc3 d5 3. Bg5 Nbd7 4. Qd3 h6 5. Bh4 c6 6. Nf3 Qa5 7. a3 e6 8. Nd2
b5 9. Nb3 Qb6 10. e4 g5 11. Bg3 a5 12. e5 Nh5 13. Be2 Ng7 14. h4 Be7 15. hxg5
Bxg5 16. f4 Be7 17. Bh4 Bxh4+ 18. Rxh4 a4 19. Nc5 Nf5 20. Rh3 Nxc5 21. dxc5
Qxc5 22. g4 Qg1+ 23. Kd2 Qxa1 24. gxf5 Qg1 25. f6 Ba6 26. Qe3 Qxe3+ 27. Kxe3
O-O-O 28. Kd4 Kc7 29. Kc5 d4 30. Nxa4 d3 31. Bxd3 Rxd3 32. cxd3 bxa4 33. Kb4
Bb5 34. d4 Kb6 35. Rh5 Be2 36. Rh2 Bg4 37. Kxa4 h5 38. Kb4 h4 39. a4 h3 40. a5+
Kc7 41. Kc5 Bf3 42. b4 Bg2 43. Kc4 Rh4 44. a6 Bf1+ 45. Kc5 Bxa6 46. f5 Bc8 47.
b5 cxb5 48. fxe6 Bxe6 49. d5 Bd7 50. e6 Rc4# 0-1

[Event "Xtracon Chess Open 2016"]
[Site "Elsinore"]
[Date "2016.07.29"]
[Round "8.95"]
[White "Undheim, Bjarne"]
[Black "Christiansen, Jens Jorgen"]
[Result "0-1"]
[WhiteElo "1910"]
[BlackElo "2170"]
[PlyCount "82"]
[EventDate "2016.07.23"]

1. e4 c6 2. d4 d5 3. exd5 cxd5 4. Bd3 Nc6 5. c3 Qc7 6. Nd2 Nf6 7. Ndf3 Bg4 8.
Qa4 Bd7 9. Qc2 Rc8 10. a3 Bg4 11. Bg5 e6 12. Rc1 Be7 13. Qd2 O-O 14. h3 Bh5 15.
Qe3 Bg6 16. Bxg6 hxg6 17. Ne5 Nxe5 18. dxe5 Bc5 19. Qe2 Ne4 20. Be3 Qxe5 21.
Nf3 Qd6 22. O-O Bxe3 23. Qxe3 Qc5 24. Qf4 Qb6 25. Rc2 Nd6 26. Rd1 Rc4 27. Rd4
Rxd4 28. cxd4 Nc4 29. Qh4 f6 30. Qg4 g5 31. h4 gxh4 32. Nxh4 f5 33. Qf4 Qb3 34.
Rc3 Qd1+ 35. Kh2 Qg4 36. Qxg4 fxg4 37. Kg3 Nxb2 38. Rb3 Nc4 39. Rxb7 Rf7 40.
Rb8+ Kh7 41. a4 g5 0-1

[Event "Xtracon Chess Open 2016"]
[Site "Elsinore"]
[Date "2016.07.29"]
[Round "8.96"]
[White "Vestby Ellingsen, Mads"]
[Black "Manz, Andreas"]
[Result "1-0"]
[WhiteElo "2126"]
[BlackElo "1890"]
[PlyCount "61"]
[EventDate "2016.07.23"]

1. e4 c5 2. Nf3 e6 3. d3 Nc6 4. g3 d5 5. Nbd2 Nf6 6. Bg2 Be7 7. O-O O-O 8. Re1
b6 9. c3 Ba6 10. e5 Nd7 11. Qe2 Qc7 12. Nf1 Rab8 13. h4 c4 14. d4 b5 15. h5 h6
16. g4 Qd8 17. a3 Re8 18. Bf4 Nf8 19. Qe3 Nh7 20. N1h2 Bc8 21. Kh1 a5 22. Bh3
Kh8 23. Rg1 Rg8 24. g5 hxg5 25. Nxg5 Nxg5 26. Bxg5 Bxg5 27. Rxg5 Ne7 28. Rag1
b4 29. Rxg7 Rxg7 30. Qh6+ Rh7 31. Qf6+ 1-0

[Event "Xtracon Chess Open 2016"]
[Site "Elsinore"]
[Date "2016.07.29"]
[Round "8.97"]
[White "Palozza, Christian"]
[Black "Sande, Odmund"]
[Result "0-1"]
[WhiteElo "2090"]
[BlackElo "1877"]
[PlyCount "160"]
[EventDate "2016.07.23"]

1. d4 f5 2. Nc3 Nf6 3. Bg5 e6 4. e4 fxe4 5. Nxe4 Be7 6. Bxf6 Bxf6 7. Nf3 O-O 8.
Bd3 Nc6 9. c3 b6 10. Qc2 h6 11. O-O-O Bb7 12. Qe2 Ne7 13. h4 Nd5 14. Qd2 Be7
15. Bb1 Nf6 16. Nxf6+ Bxf6 17. Qd3 Bxf3 18. gxf3 d6 19. Qg6 Re8 20. Qh7+ Kf8
21. Bg6 Ke7 22. Bxe8 Qxe8 23. Qe4 Kd7 24. c4 Rd8 25. Qg4 Qf7 26. Rhe1 Re8 27.
f4 Kd8 28. h5 Qd7 29. Qe2 Qa4 30. Kb1 Qa5 31. Rd3 Qf5 32. Qf3 Bxd4 33. Re2 Bf6
34. Ka1 a5 35. Rd1 e5 36. Rde1 Bg5 37. Qe4 Qxe4 38. Rxe4 Bxf4 39. Kb1 Rf8 40.
Kc2 Rf5 41. Rh1 Bg5 42. Rh2 Ke7 43. Kd3 Kf6 44. Ke2 Bf4 45. Rh1 Rg5 46. Kf1 Kf5
47. f3 g6 48. hxg6 Rxg6 49. Rh5+ Kf6 50. Kf2 Rg7 51. b3 Rh7 52. Re1 Kg6 53.
Reh1 Rf7 54. Ke2 Bg5 55. R5h3 Rf4 56. Rg1 Rd4 57. Rd1 Rf4 58. Rg3 Kf7 59. Rg4
Rf6 60. Rf1 Ke6 61. a3 Rf8 62. Kd3 c6 63. Rg2 d5 64. cxd5+ cxd5 65. Rc2 Kd6 66.
a4 e4+ 67. Ke2 e3 68. Rfc1 Ke5 69. Rc6 Rf4 70. Rxb6 Rh4 71. Rb5 Rh2+ 72. Kd3
Rd2+ 73. Kc3 Kf4 74. Rxa5 Kxf3 75. Ra8 d4+ 76. Kb4 e2 77. Rf8+ Ke3 78. Re8+ Kd3
79. Rc5 Rd1 80. Rc4 Be3 0-1

[Event "Xtracon Chess Open 2016"]
[Site "Elsinore"]
[Date "2016.07.29"]
[Round "8.98"]
[White "Brondum, Eric"]
[Black "Fossan, Benjamin"]
[Result "1/2-1/2"]
[WhiteElo "2068"]
[BlackElo "1873"]
[PlyCount "57"]
[EventDate "2016.07.23"]

1. Nf3 c5 2. e4 g6 3. d4 cxd4 4. c3 Bg7 5. cxd4 Nf6 6. Nc3 d5 7. e5 Ne4 8. Qb3
Nxc3 9. bxc3 O-O 10. Be2 Nc6 11. O-O b6 12. Be3 Bb7 13. Rac1 Rc8 14. Nd2 Qd7
15. Qd1 Rc7 16. f4 e6 17. g4 Ne7 18. Nf3 Bc6 19. Nh4 f5 20. exf6 Bxf6 21. Nf3
Bb5 22. Ne5 Bxe5 23. fxe5 Rxf1+ 24. Qxf1 Bxe2 25. Qxe2 Kg7 26. Rf1 Ng8 27. Bd2
Qe8 28. Kg2 Rf7 29. Rxf7+ 1/2-1/2

[Event "Xtracon Chess Open 2016"]
[Site "Elsinore"]
[Date "2016.07.29"]
[Round "8.99"]
[White "Janse, Sebastiaan"]
[Black "Skjoldager, Mikael"]
[Result "0-1"]
[WhiteElo "1903"]
[BlackElo "2054"]
[PlyCount "96"]
[EventDate "2016.07.23"]

1. e4 e5 2. Nf3 Nc6 3. d4 exd4 4. Nxd4 Nf6 5. Nc3 Bb4 6. Nxc6 dxc6 7. Qxd8+
Kxd8 8. Bg5 Bxc3+ 9. bxc3 Be6 10. e5 h6 11. Bxf6+ gxf6 12. exf6 Rg8 13. O-O-O+
Ke8 14. Rd4 Rd8 15. Rf4 Rd6 16. g3 Rg4 17. Rxg4 Bxg4 18. Bd3 Rxf6 19. Re1+ Kd7
20. f4 Re6 21. Re4 Rxe4 22. Bxe4 Be6 23. a3 Kd6 24. Kd2 Kc5 25. Bf3 Kb5 26. g4
f6 27. h4 Ka4 28. g5 fxg5 29. fxg5 hxg5 30. hxg5 Kxa3 31. Bh5 Kb2 32. Be8 a5
33. g6 a4 34. Bf7 Bf5 35. g7 Bh7 36. g8=Q Bxg8 37. Bxg8 a3 38. Bb3 a2 39. Bxa2
Kxa2 40. c4 c5 41. Ke3 Kb2 42. Kd2 c6 43. Kd3 b5 44. Kd2 bxc4 45. c3 Kb3 46.
Kd1 Kxc3 47. Kc1 Kd3 48. Kd1 c3 0-1

[Event "Xtracon Chess Open 2016"]
[Site "Elsinore"]
[Date "2016.07.29"]
[Round "8.100"]
[White "Stuhlmann, Alexander"]
[Black "Salerno, Christian"]
[Result "1/2-1/2"]
[WhiteElo "1873"]
[BlackElo "2052"]
[PlyCount "88"]
[EventDate "2016.07.23"]

1. e4 e6 2. d4 d5 3. Nd2 Nf6 4. Bd3 c5 5. c3 Nc6 6. Ngf3 cxd4 7. cxd4 Be7 8.
O-O O-O 9. exd5 Qxd5 10. Bc4 Qd6 11. Nb3 b6 12. Qe2 Rd8 13. Rd1 Bb7 14. Bg5 Nb4
15. Ne5 Bd5 16. a3 Nc6 17. Rac1 Rac8 18. Bf4 Bxc4 19. Rxc4 Nd5 20. Bg3 Nxe5 21.
dxe5 Qd7 22. Rdc1 h6 23. h4 Rxc4 24. Qxc4 b5 25. Qc2 Nb6 26. Qc7 Nc4 27. Qxd7
Rxd7 28. Rc2 Rd3 29. Nc1 Rd1+ 30. Kh2 Nxb2 31. Rxb2 Bxa3 32. Rxb5 Rxc1 33. Rb8+
Kh7 34. Rb7 a5 35. Rxf7 a4 36. Rf4 Bc5 37. Rxa4 Rc2 38. Ra6 Bxf2 39. Bxf2 Rxf2
40. Rxe6 h5 41. Kg3 Rf1 42. Ra6 Kg8 43. Ra7 Kf8 44. e6 Rf6 1/2-1/2

[Event "Xtracon Chess Open 2016"]
[Site "Elsinore"]
[Date "2016.07.29"]
[Round "8.101"]
[White "Ingebretsen, Jens E"]
[Black "Nielsen, Andre"]
[Result "0-1"]
[WhiteElo "1862"]
[BlackElo "2047"]
[PlyCount "78"]
[EventDate "2016.07.23"]

1. e4 e5 2. Nf3 Nc6 3. Bc4 Nf6 4. d3 Bc5 5. Nc3 d6 6. Bg5 h6 7. Bxf6 Qxf6 8.
Nd5 Qd8 9. c3 O-O 10. b4 Bb6 11. a4 a5 12. Nxb6 cxb6 13. b5 Ne7 14. O-O Bg4 15.
h3 Bh5 16. Re1 Rc8 17. Qe2 Ng6 18. Qe3 Nf4 19. Kh2 Qf6 20. Nd2 Rfd8 21. g3 d5
22. exd5 Nxd5 23. Bxd5 Rxd5 24. Ne4 Qd8 25. d4 exd4 26. cxd4 Rxd4 27. Rac1 Rxc1
28. Rxc1 Rxa4 29. Nc3 Rb4 30. g4 Bxg4 31. hxg4 Rxg4 32. Rc2 Qh4+ 33. Qh3 Qg5
34. Ne4 Rxe4 35. Rc8+ Kh7 36. Qd3 Qh5+ 37. Kg1 Qg6+ 38. Kf1 Re1+ 39. Kxe1 Qxd3
0-1